Maruja : (Record no. 160830)
[ view plain ]
| 000 -LEADER | |
|---|---|
| campo de control de longitud fija | 00910nam a2200229 i 4500 |
| 001 - NÚMERO DE CONTROL | |
| campo de control | 160830 |
| 003 - IDENTIFICADOR DE NÚMERO DE CONTROL | |
| campo de control | ES-MaACL |
| 005 - FECHA Y HORA DE LA ÚLTIMA TRANSACCIÓN | |
| campo de control | 20250715063123.0 |
| 008 - DATOS DE LONGITUD FIJA--INFORMACIÓN GENERAL | |
| campo de control de longitud fija | 950206s1886 sp |||| | spa d |
| 040 ## - FUENTE DE CATALOGACIÓN | |
| Centro catalogador/agencia de origen | CARM |
| Lengua de catalogación | spa |
| Centro/agencia transcriptor | CCPB | PA2 |
| 100 1# - ENTRADA PRINCIPAL--NOMBRE DE PERSONA | |
| Nombre de persona | Núñez de Arce, Gaspar, |
| Fechas asociadas al nombre | 1834-1903 |
| Término indicativo de función/relación | Autor |
| 9 (RLIN) | 223411 |
| 245 10 - MENCIÓN DEL TÍTULO | |
| Título | Maruja : |
| Resto del título | poema / |
| Mención de responsabilidad, etc. | Gaspar Núñez de Arce. |
| 250 ## - MENCION DE EDICION | |
| Mención de edición | 13ª ed. |
| 260 ## - PUBLICACIÓN, DISTRIBUCIÓN, ETC. | |
| Lugar de publicación, distribución, etc. | Madrid : |
| Nombre del editor, distribuidor, etc. | Libreria de Mariano Murillo : |
| -- | Libreria de Fernando Fe, |
| Fecha de publicación, distribución, etc. | 1886 |
| Fabricante | (Imp. de Fortanet) |
| 300 ## - DESCRIPCIÓN FÍSICA | |
| Extensión | 45 páginas ; |
| Dimensiones | 19 cm. |
| 655 #4 - TERMINO DE INDIZACIÓN--GENERO/FORMA | |
| Fuente del término | tgfbne |
| 9 (RLIN) | 176539 |
| Datos o término principal de género/forma | Poesías |
| 852 ## - LOCALIZACIÓN | |
| Ubicación | ES-MaACL |
| Ubicación en estantería | Depósito 2 |
| Donativo/Legado | Donativo Roda |
| Número de control de estantería | L-4903(10-1) |
| Encuadernación | Enc. en un vol. facticio |
| 856 ## - LOCALIZACIÓN Y ACCESO ELECTRÓNICOS | |
| Identificador Uniforme de Recursos | <a href="https://bibliotecadigital.jcyl.es/es/consulta/registro.do?id=890">https://bibliotecadigital.jcyl.es/es/consulta/registro.do?id=890</a> |
| Texto de enlace | Versión en línea |
| Nota pública | (Biblioteca Digital de Castilla y León (BDCYL)) |
| 942 ## - ELEMENTOS DE ENTRADA SECUNDARIOS (KOHA) | |
| Fuente del sistema de clasificación o colocación | Clasificación decimal universal |
| Tipo de ítem Koha | Libro impreso antiguo |
| Suprimir en OPAC | No |
| Estatus retirado | Estado de pérdida | Fuente del sistema de clasificación o colocación | Estado de daño | No para préstamo | Colección | Biblioteca de origen | Biblioteca actual | Ubicación en estantería | Fecha de adquisición | Fuente de adquisición | Número de control de estantería | Total de préstamos | Signatura topográfica completa | Código de barras | Visto por última vez | Tipo de ítem Koha |
|---|---|---|---|---|---|---|---|---|---|---|---|---|---|---|---|---|
| Clasificación decimal universal | Libros del s. XIX | Biblioteca del Ateneo de Madrid | Biblioteca del Ateneo de Madrid | Depósito 2 | 17/01/2008 | Donación | 1 | L-4903(10-1) | 1168424 | 23/02/2023 | Libro impreso antiguo |
